00000000nam 2200000zi 4500
0019.947463
003CaOODSP
00520250303103444
006m     o  d f      
007cr |n|||||||||
008250128s1955    onca    ob   f000 0 eng d
040 |aCaOODSP|beng|erda|cCaOODSP
043 |an-cn---
0861 |aA52-299/1955E-PDF
0861 |zA51-18E-PDF
1001 |aJamieson, C. A., |eauthor.
24510|aApiculture Division, Dominion Experimental Farm, Ottawa, Canada : |bprogress report, 1949-1953 / |cC. A. Jamieson.
264 1|aOttawa, Canada : |bMinister of Agriculture, |c[1955]
300 |a1 online resource (41 pages) : |billustrations
336 |atext|btxt|2rdacontent
337 |acomputer|bc|2rdamedia
338 |aonline resource|bcr|2rdacarrier
500 |aDigitized edition from print [provided by Agriculture and Agri-Food Canada].
504 |aIncludes bibliographical references (pages 39-40).
61010|aCanada. |bApiculture Division.
61015|aCanada. |bDivision de l'apiculture.
650 0|aBee culture|xResearch|zCanada.
650 6|aApiculture|xRecherche|zCanada.
7101 |aCanada. |bApiculture Division, |eissuing body.
7102 |aDominion Experimental Farms and Stations (Canada), |eissuing body.
7101 |aCanada. |bExperimental Farms Service, |eissuing body.
85640|qPDF|s6.50 MB|uhttps://publications.gc.ca/collections/collection_2024/aac-aafc/A51-18-1949-eng.pdf
986 |a5M—19543-5:55